000 00639nam a2200277Ia 4500
005 20260324141325.0
008 008 260324s9999 xx 000 0 eng d
020 _a9781315831633
037 _aEBOOK
040 _aCRL
040 _beng
040 _cCRL
041 _2eng
041 _aeng
084 _qCRL
100 _aVincent Tucker
_91207768
245 0 _aCultural Perspectives on Development
260 _bTaylor and Francis
260 _c1997
365 _a
365 _b155
856 _uhttp://www.taylorfrancis.com/books/9781315831633
942 _cEBOOK
999 _c1810723
_d1810723